01664cam a22002774a 450000500170000002000330001704000340005008200170008410000160010124501300011724600470024725000130029426000410030730000450034850000200039350506320041365000370104565000350108265000520111770000170116970000210118670000220120770000300122985600590125985600680131820251006055944.0 a9780073048499 cTZS 10,000/= aMCCLbeng.eAACR 2nd rev. ed.00a346.7307 LEG aO. Lee Reed04aThe legal and regulatory environment of business /cO. Lee Reed, Peter J. Shedd, Jere W. Morehead and Marisa Anne Pagnattaro3 aLegal & regulatory environment of business a14th ed. aBoston :bMcGraw-Hill/Irwin,cc2008. axl, 664 p. :bill. (some col.) ;c27 cm. aIncludes index.0 aLaw as the foundation of business -- The ethical basis of law and business management -- The court system -- The litigation process -- Alternative dispute resolution systems -- The constitution and business -- The property system -- Principles of contract law -- Torts in the business environment -- The criminal law and business -- Corporate governance and business organizations -- Corporate governance and the regulatory process -- Antitrust laws?: regulating competition -- Employment and labor laws -- Discrimination in employment -- Securities regulations -- Environmental laws and pollution control -- International law. 0aTrade regulationzUnited States. 0aCommercial lawzUnited States. 0aIndustrial laws and legislationzUnited States.1 aReed, O. Lee1 a Shedd, Peter P.1 aMorehead, Jere W.1 a Pagnattaro, Marisa Anne 41uhttp://www.loc.gov/catdir/toc/ecip0614/2006017457.html42uhttp://www.loc.gov/catdir/enhancements/fy0665/2006017457-d.html